[Event "Sports Meet Chess Tour 55th"]
[Site "New Delhi"]
[Date "2022.12.18"]
[Round "4.1"]
[White "Narke, Ajinkya"]
[Black "Manpreet, Singh"]
[Result "1-0"]
[WhiteElo "1523"]
[BlackElo "1292"]
[PlyCount "77"]
[EventDate "2022.12.15"]
[EventType "team-swiss"]
[EventRounds "7"]
[EventCountry "IND"]
[SourceTitle "CBM 212 Extra"]
[Source "ChessBase"]
[SourceDate "2023.03.31"]
[SourceVersion "1"]
[SourceVersionDate "2023.03.31"]
[SourceQuality "1"]
[WhiteTeam "Kharagpur"]
[BlackTeam "Delhi"]
[WhiteTeamCountry "IND"]
[BlackTeamCountry "IND"]

1. e4 c5 2. Nf3 g6 3. d4 cxd4 4. Nxd4 Bg7 5. c4 Nc6 6. Be3 Qb6 7. Nb3 Qb4+ 8. Bd2 Qb6 9. Nc3 Nf6 10. Be2 0-0 11. 0-0 d6 12. Be3 Qd8 13. f3 Nd7 14. Qd2 Nb6 15. Nd5 Nxd5 16. cxd5 Ne5 17. Nd4 a6 18. Rac1 Nd7 19. h3 Re8 20. f4 Nf6 21. Bf3 h5 22. Ne2 e6 23. dxe6 Bxe6 24. Nc3 Qe7 25. Rfe1 b5 26. Bd4 Rad8 27. f5 Bc8 28. fxg6 fxg6 29. Kh1 Bb7 30. Nd5 Nxd5 31. exd5 Qf7 32. Bxg7 Kxg7 33. Re6 Rxe6 34. dxe6 Qe7 35. Qd4+ Kh7 36. Bxb7 Qxb7 37. Rf1 Qc6 38. Rf7+ Kh6 39. Qf4+ 1-0

[Event "Sports Meet Chess Tour 55th"]
[Site "New Delhi"]
[Date "2022.12.15"]
[Round "1.1"]
[White "Kumar, Ankit"]
[Black "Manpreet, Singh"]
[Result "0-1"]
[WhiteElo "1368"]
[BlackElo "1292"]
[PlyCount "132"]
[EventDate "2022.12.15"]
[EventType "team-swiss"]
[EventRounds "7"]
[EventCountry "IND"]
[SourceTitle "CBM 212 Extra"]
[Source "ChessBase"]
[SourceDate "2023.03.31"]
[SourceVersion "1"]
[SourceVersionDate "2023.03.31"]
[SourceQuality "1"]
[WhiteTeam "Roorkee"]
[BlackTeam "Delhi"]
[WhiteTeamCountry "IND"]
[BlackTeamCountry "IND"]

1. e4 c5 2. Nf3 g6 3. d4 cxd4 4. Nxd4 Bg7 5. c3 Nc6 6. Bc4 d6 7. 0-0 Nf6 8. Nxc6 bxc6 9. e5 dxe5 10. Qxd8+ Kxd8 11. Rd1+ Ke8 12. Be3 Nd7 13. Nd2 f5 14. f3 Nb6 15. Bb3 Nd5 16. Bc5 Be6 17. Ba4 Bd7 18. Nc4 Kf7 19. Na5 Nb6 20. Bb3+ Be6 21. Nxc6 Rac8 22. Bxb6 axb6 23. Nb4 Rhd8 24. Kf2 Rd6 25. Bxe6+ Kxe6 26. Ke2 Rcd8 27. Rd3 Rxd3 28. Nxd3 e4 29. fxe4 fxe4 30. Nb4 Bh6 31. Rd1 Rd6 32. Nc2 Kf5 33. Rf1+ Ke5 34. Nd4 Rf6 35. a4 Rxf1 36. Kxf1 Kd5 37. Ke2 Bc1 38. b3 e5 39. Nb5 Kc6 40. g4 Bf4 41. h3 Kd7 42. Na3 Kc6 43. Nc4 h5 44. gxh5 gxh5 45. Nd2 Kd5 46. b4 Bg5 47. Kf2 e3+ 48. Ke2 exd2 49. a5 bxa5 50. bxa5 Kc5 51. a6 Kb6 52. a7 Kxa7 53. h4 Bf4 54. c4 Kb6 55. c5+ Kxc5 56. Kd1 Kc4 57. Kc2 e4 58. Kd1 Kc3 59. Ke2 Kc2 60. Kf2 Bh6 61. Kg3 d1Q 62. Kg2 Qf3+ 63. Kh2 Qg4 64. Kh1 Be3 65. Kh2 Bd4 66. Kh1 Qg1# 0-1